000 02043cam a22004934i 4500
003 PE-LiUPU
005 20250731165455.0
008 150623s r 000 0 d
020 _a3727810815
035 _a(Sirsi) i9783727810817
040 _aPE-LiUPU
_bspa
_cPE-LiUPU
_erda
049 _aPRUA
082 0 4 _a930.109 569 4
_bK34C
_221
100 1 _aKeel, Othamar,
_eautor.
245 1 0 _aCorpus der Stempelsiegel - Amulette aus Palästina/Israel :
_bvon den Anfängen bis zur Perserzeit /
_cOthamar Keel.
264 1 _aFreiburg Schweiz :
_bUniversitätsverlag Freiburg Schweiz,
_c1997.
300 _a802 páginas :
_bilustraciones láms. ;
_c32.5 centímetros
336 _atext
_2rdacontent
337 _aunmediated
_2rdamedia
338 _avolume
_2rdacarrier
490 0 _aOrbis Biblicus et Orientalis. Series Archaelogica ;
_v13
505 0 _a(Tell) Abu Farag. -(Tell) Abu Hawam. -(Tell) Abu Hawam Nr.21-25 von Baruch Brandl. -(Tell) Abu Sureq. -(Chirbet) Abu Tabaq. -Achsib. -Afek. -Afula. -(Tell el-) Agul. -(El-)Ahwat. -Ai. -Akko. -(Tell el-) Amr. -Anafa. -Arad. -Aroër. -Aschdod. -Aschkelon. -Aseka. -Asor. -Atlit.
526 _aSEG44
526 _aSEG26
526 _aP151
526 _aP150
526 _aP149
526 _aP146
526 _aP145
526 _aP126
526 _aP125
526 _aP92
526 _aP75
526 _aP74
526 _aP27
526 _aP15
651 _aPalestina
_xArqueología
_yÉpoca antigua.
942 _2ddc
_cBOOK
949 _aRC 930.109 569 4 K34C
_wDEWEY
_c1
_i44952
_lCCODEBUL1
_mBUL
_r0
_sY
_tBOOK
_u2015-6-24
_xTEOLOGIA
_PP35
_0COMPRA
_o.CIRCNOTE. No olvidar cambiar la fecha de devolución!!!!!!!
_o.STAFF. Colección General
994 _aC0
_bPEPRU
596 _a1
999 _aRC 930.109 569 4 K34C
_wDEWEY
_c21827
_i44952
_f2021-11-8
_g5
_lCCODEBUL1
_mBUL
_r1
_sY
_tBOOK
_u2015-6-24
_xTEOLOGIA
_PP35
_0COMPRA
_o.CIRCNOTE. No olvidar cambiar la fecha de devolución!!!!!!!
_o.STAFF. Colección General
_d21827
980 _81
_gALBERTO SANCHEZ Responsable de Automatización